<A> Simple global food system model
Jednoduchý dimenziálny model na konštrukciu globálneho potavinového systému s ohľadom na populačný rast, využitie pôdy a rôzne socio-ekonomické faktory s využitím simulácie spotreby a produkcie poľnohospodárskych surovín. Dáta výskumu od Organizácie pre výživu a poľnohospodárstvo (OSN).
Salvato in:
| Autore principale: | |
|---|---|
| Altri autori: | , , , , , |
| Natura: | Capitolo di libro |
| Lingua: | inglese |
| Soggetti: | |
| Tags: |
Nessun Tag, puoi essere il primo ad aggiungerne!!
|
MARC
| LEADER | 00000naa a2200000 4500 | ||
|---|---|---|---|
| 001 | 0190181 | ||
| 005 | 20231211071359.4 | ||
| 041 | 0 | |a eng | |
| 044 | |a CZ | ||
| 245 | 1 | 0 | |a <A> Simple global food system model |c Li Jiang, Xuefeng Cui, Xia Xu, Yuan Jiang, Mark Rounsevell, Dave Murray-Rust, Yinghui Liu |
| 520 | |a Jednoduchý dimenziálny model na konštrukciu globálneho potavinového systému s ohľadom na populačný rast, využitie pôdy a rôzne socio-ekonomické faktory s využitím simulácie spotreby a produkcie poľnohospodárskych surovín. Dáta výskumu od Organizácie pre výživu a poľnohospodárstvo (OSN). | ||
| 610 | 2 | 0 | |a bezpečnosť potravinová |
| 610 | 2 | 0 | |a globalizácia |
| 610 | 2 | 0 | |a trh potravinový |
| 610 | 2 | 0 | |a spotreba potravín |
| 610 | 2 | 0 | |a produkcia |
| 610 | 2 | 0 | |a populácia |
| 610 | 2 | 0 | |a pôda poľnohospodárska |
| 100 | 1 | |a Li, Jiang | |
| 700 | 1 | |a Cui, Xuefeng | |
| 700 | 1 | |a Xu, Xia | |
| 700 | 1 | |a Jiang, Yuan | |
| 700 | 1 | |a Rounsevell, Mark | |
| 700 | 1 | |a Murray-Rust, Dave | |
| 700 | 1 | |a Liu, Yinghui | |